Samaraditya Pal on law relating to public service : (Record no. 93450)

MARC details
000 -LEADER
fixed length control field 00721nam a22002057a 4500
005 - DATE AND TIME OF LATEST TRANSACTION
control field 20150625151643.0
010 ## - LCCN (DPL NO)
LC control number ENG-112950
020 ## - INTERNATIONAL STANDARD BOOK NUMBER
Terms of availability 1795.00
International Standard Book Number 9788180386411
035 ## - SYSTEM CONTROL NUMBER
System control number EN-96482
037 ## - SOURCE OF ACQUISITION
Source of stock number/acquisition DBAD/PUB
082 ## - DEWEY DECIMAL CLASSIFICATION NUMBER
Classification number 342.54068
100 ## - MAIN ENTRY--PERSONAL NAME
Personal name Pal, Samaraditya
245 ## - TITLE STATEMENT
Title Samaraditya Pal on law relating to public service :
Remainder of title a treatise on the law applicable to government and public undertakings /
Statement of responsibility, etc by Samaraditya Pal
250 ## - EDITION STATEMENT
Edition statement 3rd ed
260 ## - PUBLICATION, DISTRIBUTION, ETC. (IMPRINT)
Place of publication, distribution, etc Gurgoan
Name of publisher, distributor, etc LexisNexis
Date of publication, distribution, etc 2011
270 ## - ADDRESS
City Gurgoan
Postal code 122002
Address 14th Floor, Building No. 10, Tower-B, DLF Cyber City, Phase-II
300 ## - PHYSICAL DESCRIPTION
Extent ccxlvii,1070p.
Dimensions 25cm(Hb)
500 ## - GENERAL NOTE
General note Includes index
942 ## - ADDED ENTRY ELEMENTS (KOHA)
Source of classification or shelving scheme Dewey Decimal Classification
Item type English Books
Call number suffix PAL
Classification part 342.54068
Holdings
Withdrawn status Lost status Not for loan Collection code Home library Current library Date acquired Source of acquisition Cost, normal purchase price Full call number Barcode Copy number Cost, replacement price Koha item type
    Not For Loan Non-fiction D.B.Act.Division D.B.Act.Division 11/05/2015 DBAD/PUB 1795.00 342.54068 PAL EN-96482 1 1795.00 English Books

© Delhi Public Library
Hit Counter
free hit counter